El presidio político en Cuba : (Record no. 31542)
[ view plain ]
| 000 -CABECERA | |
|---|---|
| campo de control de longitud fija | 00890nam a2200253 a 4500 |
| 001 - NÚMERO DE CONTROL | |
| campo de control | 000032051 |
| 003 - IDENTIFICADOR DEL NÚMERO DE CONTROL | |
| campo de control | DO-SdBNP |
| 005 - FECHA Y HORA DE LA ÚLTIMA TRANSACCIÓN | |
| campo de control | 20240306073910.0 |
| 008 - DATOS DE LONGITUD FIJA--INFORMACIÓN GENERAL | |
| campo de control de longitud fija | 110712s1996 dr a 000 0 spa d |
| 040 ## - FUENTE DE LA CATALOGACIÓN | |
| Centro catalogador/agencia de origen | DO-SdBNP |
| Lengua de catalogación | spa |
| Centro/agencia transcriptor | BNPHU |
| 082 #4 - NÚMERO DE LA CLASIFICACIÓN DECIMAL DEWEY | |
| Número de clasificación | 972.9105 |
| Número de documento/Ítem | M378p 1996 |
| Número de edición | 22 |
| 100 1# - ENTRADA PRINCIPAL--NOMBRE DE PERSONA | |
| Nombre de persona | Martí, José, |
| Fechas asociadas al nombre | 1853-1895 |
| 9 (RLIN) | 645 |
| 245 13 - MENCIÓN DE TÍTULO | |
| Título | El presidio político en Cuba : |
| Resto del título | (fragmentos) / |
| Mención de responsabilidad, etc. | José Martí ; editor Rodolfo Coiscou Weber. |
| 260 ## - PUBLICACIÓN, DISTRIBUCIÓN, ETC. | |
| Lugar de publicación, distribución, etc. | Santo Domingo : |
| Nombre del editor, distribuidor, etc. | Impresos Isla, |
| Fecha de publicación, distribución, etc. | 1996. |
| 300 ## - DESCRIPCIÓN FÍSICA | |
| Extensión | 22 p. : |
| Otras características físicas | il. ; |
| Dimensiones | 21 cm. |
| 490 ## - MENCIÓN DE SERIE | |
| Mención de serie | Antología de nuestra voz |
| Designación de volumen o secuencia | 53 |
| 590 ## - NOTA LOCAL (RLIN) | |
| Nota local | Inventariado, 2021 / DG |
| 650 #4 - PUNTO DE ACCESO ADICIONAL DE MATERIA--TÉRMINO DE MATERIA | |
| Término de materia o nombre geográfico como elemento de entrada | Presos políticos |
| Subdivisión geográfica | Cuba |
| Subdivisión general | Relatos personales |
| 9 (RLIN) | 29341 |
| 651 #4 - PUNTO DE ACCESO ADICIONAL DE MATERIA--NOMBRE GEOGRÁFICO | |
| Nombre geográfico | Cuba |
| Subdivisión general | Historia |
| Subdivisión cronológica | 1810-1899 |
| 9 (RLIN) | 2159 |
| 700 12 - PUNTO DE ACCESO ADICIONAL--NOMBRE DE PERSONA | |
| Nombre de persona | Coiscou Weber, Rodolfo, |
| Término indicativo de función/relación | ed. |
| 9 (RLIN) | 19739 |
| 830 ## - PUNTO DE ACCESO ADICIONAL DE SERIE-TÍTULO UNIFORME | |
| Título uniforme | Antología de nuestra voz |
| Número de parte o sección de la obra | 53 |
| 9 (RLIN) | 58180 |
| 910 ## - DATOS DE OPCIÓN DEL USUARIO (OCLC) | |
| Datos de opción del usuario | Validado. Control de calidad EMS |
| 942 ## - ELEMENTOS DE PUNTO DE ACCESO ADICIONAL (KOHA) | |
| Fuente del sistema de clasificación o colocación | Dewey Decimal Classification |
| Tipo de ítem Koha | Libro |
| Estado de retiro | Estado de pérdida | Fuente del sistema de clasificación o colocación | Restricciones de uso | No para préstamo | Código de colección | Localización permanente | Ubicación/localización actual | Ubicación en estantería | Fecha de adquisición | Total de préstamos | Signatura topográfica completa | Código de barras | Fecha visto por última vez | Precio válido a partir de | Tipo de ítem Koha | Número de copia |
|---|---|---|---|---|---|---|---|---|---|---|---|---|---|---|---|---|
| Dewey Decimal Classification | Préstamo en sala | Dominicana de Servicio | Biblioteca Nacional Pedro Henríquez Ureña | General | Depósito | 20.04.2015 | BNPHU DS-F 972.9105 M378p 1996 | 32051-30 | 25.06.2020 | 25.06.2020 | Libro y Folleto Colección Dominicana de Servicio | e.3 | ||||
| Dewey Decimal Classification | Excluido de préstamo | Excluido de préstamo | Patrimonio Dominicano | Biblioteca Nacional Pedro Henríquez Ureña | Patrimonio Dominicano | Depósito | 12.07.2011 | BNPHU PD-F 972.9105 M378p 1996 | 32051-10 | 25.06.2020 | 25.06.2020 | Libro y Folleto Colección Patrimonio Dominicano | ||||
| Dewey Decimal Classification | Excluido de préstamo | Préstamo restrigido | Patrimonio Dominicano | Biblioteca Nacional Pedro Henríquez Ureña | Patrimonio Dominicano | Depósito | 30.04.2014 | BNPHU PD-F 972.9105 M378p 1996 | 32051-20 | 25.06.2020 | 25.06.2020 | Libro y Folleto Colección Patrimonio Dominicano | e.2 |
